[Event "Las Palmas-chT"]
[Site "Las Palmas"]
[Date "2011.02.05"]
[Round "4.4"]
[White "Almeida Sanchez, Juan Sebastian"]
[Black "Trujillo Alvarado, Ivan"]
[Result "0-1"]
[WhiteElo "1884"]
[BlackElo "2182"]
[PlyCount "60"]
[EventDate "2011.01.15"]
[EventType "team-swiss"]
[EventRounds "14"]
[EventCountry "ESP"]
[SourceTitle "EXT 2012"]
[Source "ChessBase"]
[SourceDate "2011.11.24"]
[SourceVersion "1"]
[SourceVersionDate "2011.11.24"]
[SourceQuality "1"]
[WhiteTeam "La Caja de Vecindario"]
[BlackTeam "Real Club Victoria"]
[WhiteTeamCountry "ESP"]
[BlackTeamCountry "ESP"]

1. e4 c5 2. Nc3 e6 3. Nf3 a6 4. g3 b5 5. Bg2 Bb7 6. d3 d6 7. Be3 Nf6 8. h3 Be7 9. 0-0 d5 10. exd5 Nxd5 11. Nxd5 Bxd5 12. Qe2 0-0 13. c4 Bc6 14. Rfd1 Nd7 15. d4 bxc4 16. dxc5 Bd5 17. c6 Nf6 18. g4 Qc7 19. Bd4 Qxc6 20. Rac1 Qb7 21. Ne1 Rac8 22. g5 Ne8 23. h4 Bxg2 24. Nxg2 Nd6 25. Re1 Rfd8 26. Nf4 Nf5 27. Nxe6 Nxd4 28. Nxd4 Rxd4 29. Qxe7 Rg4+ 30. Kf1 Qg2+ 0-1